[Event "RUS-Cup01 Chigorin Memorial"]
[Site "St Petersburg"]
[Date "1996.??.??"]
[Round "4"]
[White "Yemelin, Vasily"]
[Black "Aleksandrov, Aleksej"]
[Result "0-1"]
[WhiteElo "2460"]
[BlackElo "2550"]
[Annotator "Notkin,M"]
[PlyCount "66"]
[EventDate "1996.11.??"]
[EventType "swiss"]
[EventRounds "9"]
[EventCountry "RUS"]
[SourceTitle "CBM 056 Extra"]
[Source "ChessBase"]
[SourceDate "1997.03.01"]
[SourceVersion "1"]
[SourceVersionDate "1997.03.01"]
[SourceQuality "1"]

1. e4 e5 2. Nf3 Nc6 3. Bb5 Nf6 4. O-O Nxe4 5. d4 Nd6 6. Bxc6 dxc6 7. dxe5 Nf5
8. Qxd8+ Kxd8 9. Rd1+ Ke8 10. Nc3 a5 (10... Be6) (10... h6) 11. h3 $6 (11. a4
h6 12. Ne2 Ne7 13. Ra3 $6 Nd5 14. Rad3 Bf5 15. R3d2 Bc5 16. Nfd4 Bh7 $10 {
Frolov,A-Aleksandrov,A/Nikolaev/1993/1:0/71/}) (11. b3 Bb4 12. Bb2 Bxc3 13.
Bxc3 c5 14. Rd2 h5 15. Rad1 Ke7 16. h3 b6 $10 {Tolnai,T-Mandl,R/Kecskemet/1992/
0,5/26/}) 11... a4 $1 (11... Ne7 12. Ne2 Nd5 13. Nf4 Nxf4 14. Bxf4 Bc5 15. a3
a4 16. Rd2 h6 {Kuczynski,R-Mokry,K/Manila/1992/0,5/20/}) 12. Bg5 (12. Ne2)
12... Be6 13. g4 $2 (13. a3 h6 14. Bd2 Be7 $10) 13... Ne7 14. Nd4 Nd5 15. Ndb5
(15. Nce2 h6 16. Bd2 h5 17. f3 $15) 15... Rc8 (15... cxb5 16. Nxd5 Bxd5 17.
Rxd5 c6 18. Rd3 $14) 16. Nxd5 cxd5 17. Nc3 (17. c4 h6 $1 (17... dxc4 $4 18.
Nxc7+ Rxc7 19. Rd8#) (17... c6 18. cxd5 cxd5 (18... cxb5 19. dxe6 fxe6 20. Rac1
$16) (18... Bxd5 19. Nc3 a3 20. Nxd5 cxd5 21. bxa3 $16) 19. Rac1 $14) 18. Be3 (
18. cxd5 $2 Bd7) 18... dxc4 19. f4 h5 20. f5 Bd7 $17) 17... h6 18. Be3 $2 (18.
Bf4 $15) 18... h5 $1 $17 19. g5 (19. f3 hxg4 20. hxg4 Rh3 $22 21. Kg2 Bxg4 $1)
19... Rd8 20. h4 c5 $1 21. Nxa4 (21. Bf4 d4 22. Ne2 Be7 $17 {/\f6/}) 21... d4
22. Bd2 (22. Bf4 b5 23. Nb6 Rb8) 22... Ra8 $1 (22... b5 23. Nb6 Rb8 24. Ba5 Be7
25. a4 Bd8 (25... b4 26. b3 Bd8 27. Nc4) 26. axb5 Ke7 27. b4 $13) 23. b3 b5 24.
Nb2 c4 25. Be1 (25. c3 Ba3) (25. Bc1 Bc5) 25... Ba3 26. Rab1 (26. Rdb1 Kd7 $5
$17) 26... Bf5 $19 27. bxc4 Bxc2 28. cxb5 (28. Rdc1 Bxb1 29. Rxb1 Bxb2 30. Rxb2
bxc4) 28... Bxb2 29. Rxb2 Bxd1 30. b6 Kd7 31. Rd2 Bg4 32. Rxd4+ Kc6 33. Rd6+
Kb7 0-1

[Event "Bilbao Masters 9th"]
[Site "Bilbao"]
[Date "2016.07.19"]
[Round "6"]
[White "Wei, Yi"]
[Black "Giri, Anish"]
[Result "1-0"]
[WhiteElo "2696"]
[BlackElo "2785"]
[Annotator "Pavlovic,M"]
[PlyCount "81"]
[EventDate "2016.07.13"]
[EventType "tourn"]
[EventRounds "10"]
[EventCountry "ESP"]
[EventCategory "22"]
[SourceTitle "CBM 174"]
[Source "ChessBase"]
[SourceDate "2016.09.13"]
[SourceVersion "1"]
[SourceVersionDate "2016.09.13"]
[SourceQuality "1"]

1. e4 e5 2. Nf3 Nc6 3. Bb5 Nf6 4. O-O Nxe4 5. d4 Nd6 6. Bxc6 dxc6 7. dxe5 Nf5
8. Qxd8+ Kxd8 {The Berlin endgame is so popular that it is now considered as
one of the best defences for Black against 1.e4. Together with the Najdorf
Sicilian and the Spanish Marshall Attack they build a trio that gives a
serious challenge for White how to claim an advantage after the most dangerous
and direct move 1.e4.} 9. h3 h5 10. Nc3 Be7 11. Bf4 Be6 12. Rad1+ Kc8 {Trying
to profit from the fact that White gave a check on d1 one move later than
usual.} ({The alternative is considered best, played by all including Anand
and the world champion:} 12... Ke8 {I will give here one of the latest
examples:} 13. Ng5 Rh6 14. Rfe1 Bb4 15. g4 hxg4 16. hxg4 Ne7 17. f3 Bxc3 18.
bxc3 Bxa2 19. Ne4 Rh8 20. e6 Bxe6 21. Bxc7 Nd5 22. Be5 Kf8 {1/2-1/2 (65)
Vachier Lagrave,M (2788)-Carlsen,M (2851) Stavanger 2016. The world champion
got a good position.}) 13. Ng5 Bxg5 14. Bxg5 b6 {In my opinion the alternative
looks more to the point.} (14... c5 $1 15. Ne2 b6 16. g4 (16. Rfe1 Kb7 17. a3
Rae8 $132) 16... Bc4 17. Rfe1 hxg4 18. hxg4 Bxe2 19. Rxe2 Nd4 20. Re3 Kb7 {
This is fine for Black.}) 15. g4 $1 hxg4 16. hxg4 Nh4 17. Bxh4 Rxh4 18. f3 Kb7
19. Kg2 Rah8 20. Rh1 Rxh1 21. Rxh1 Rxh1 22. Kxh1 c5 {The alternative is
interesting as Black wants to stop the Ne4 idea, it seems that it is possible
to do just that.} (22... Bd5 23. Kg2 (23. Nxd5 cxd5 24. f4 Kc6 25. f5 a5 26.
Kg2 (26. g5 Kd7 $17) 26... g5 $1 27. Kf3 Kd7 {would lead to an equal pawn
endgame.}) 23... Kc8 24. Kg3 g5 {again with equal chances.}) 23. Kg2 Kc6 24. a4
a6 25. Kg3 b5 26. axb5+ axb5 27. f4 b4 28. Ne4 {This endgame is clearly in
White's favor.} Ba2 29. Nd2 Kd5 30. c3 bxc3 (30... g5 31. c4+ Kd4 32. e6 $1 $18
) 31. bxc3 g5 32. Kf3 {White could have won with a nice idea...} (32. c4+ $1
Kd4 33. e6 $1 $18 {Exellent motiv!}) 32... Ke6 $2 {The alternative would
prolonge the game, but the outcome would be the same.} (32... c4 33. Ke3 Ke6
34. Ne4 gxf4+ 35. Kxf4 Bb1 36. Nc5+ Ke7 37. Ke3 Bc2 38. Kd4 Bd1 39. g5 Be2 40.
Kd5 Bf1 41. Kc6 Be2 42. Kxc7 Bf1 43. Kc6 {Coming back wih the king and then
having the knight on e3 let's say will win for White.}) 33. c4 $18 {The bishop
is trapped and the game is over.} gxf4 34. Kxf4 f6 35. exf6 Kxf6 36. g5+ Kg6
37. Kg4 Kh7 38. g6+ Kg7 39. Kg5 c6 40. Kh5 Kg8 41. Kh6 1-0

[Event "Tata Steel-A 78th"]
[Site "Wijk aan Zee"]
[Date "2016.01.24"]
[Round "8"]
[White "Adams, Michael"]
[Black "Eljanov, Pavel"]
[Result "1/2-1/2"]
[WhiteElo "2744"]
[BlackElo "2760"]
[Annotator "Pavlovic,M"]
[PlyCount "169"]
[EventDate "2016.01.16"]
[EventType "tourn"]
[EventRounds "13"]
[EventCountry "NED"]
[EventCategory "20"]
[SourceTitle "CBM 171"]
[Source "ChessBase"]
[SourceDate "2016.03.14"]
[SourceVersion "2"]
[SourceVersionDate "2016.03.14"]
[SourceQuality "1"]

1. e4 e5 2. Nf3 Nc6 3. Bb5 Nf6 4. O-O Nxe4 5. d4 Nd6 6. Bxc6 dxc6 7. dxe5 Nf5
8. Qxd8+ Kxd8 9. h3 {The most popular move order; White indeed wants a fast g4,
Ng5.} Be7 $5 10. Rd1+ Ke8 11. g4 Nh4 12. Nxh4 Bxh4 13. Nc3 h5 14. f3 f5 $5 15.
exf6 gxf6 16. Ne2 ({Another possible line might be:} 16. Bf4 hxg4 17. hxg4 f5
18. g5 Rg8 19. Rd2 Kf7 20. Rg2 Be6 21. Rd1 Rae8 22. b3 b6 23. Ne2 c5 24. c4 Bc8
25. Nc3 Bb7 26. Nd5 Bxd5 27. cxd5 Rg7 {It looks as if Black is ok here.}) 16...
Kf7 17. b3 (17. Bf4 hxg4 18. fxg4 f5 $1 {We see that this move actually twice
simply diminishes White's chances for any advantage in this line.} 19. g5 Be6
20. Nd4 Rag8 21. Nxe6 Kxe6 22. Rd3 Bxg5 23. Re1+ Kf7 24. Bxg5 Rxg5+ 25. Kf2
Rhg8 {1/2-1/2 (45) Sutovsky,E (2635)-Lysyj,I (2671) Poikovsky 2015. Black is
fine.}) 17... Re8 18. Nf4 hxg4 19. fxg4 f5 $1 20. Rf1 Bf6 21. Rb1 Bd4+ 22. Kh1
fxg4 23. Bb2 Bxb2 24. Rxb2 Re3 25. c4 Rf3 26. Rxf3 gxf3 27. Rf2 Bf5 28. Kh2 Be4
{A simple strategy which brought Black an easy game.} 29. Nd3 Ke6 {Introducing
a nice manoeuvre with the king.} 30. Ne1 Kd6 $1 31. Kg3 Kc5 32. Nxf3 Kb4 $1 33.
Kf4 Bb1 34. Rb2 Rf8+ 35. Ke3 Bf5 36. Rh2 Ka3 $1 37. h4 Bb1 38. h5 Bxa2 39. Nd2
$2 {The alternative was best in order to keep some balance:} (39. h6 $1 Bxb3
40. h7 Rh8 41. Kd4 a5 42. Ne5 $44) 39... Bxb3 {Unpleasant play for White at
this point, Black is better.} 40. Kd4 Bc2 $6 (40... Kb4 $1 {Preventing Kc3 was
essential in order to play for a win.} 41. h6 c5+ 42. Kd3 a5 43. h7 Rh8 $19)
41. Kc3 $1 {Now it is much harder but still Black is not without chances to
win.} Bh7 42. Rh1 Ka2 43. Rh2 b6 44. Ne4+ Ka3 45. Ng5 Bb1 46. Rh1 Ba2 47. Rh3
$6 (47. h6 b5 48. h7 b4+ 49. Kd4 b3 50. Ne4 b2 51. Nd2 Rh8 52. Kc3 c5 53. Kc2
b1=Q+ 54. Nxb1+ Bxb1+ 55. Kxb1 Kb3 56. Rh4 $11) 47... b5 48. Ne6 Rg8 49. h6
Bxc4 50. Nd4 Bd5 $17 {Black got his chances again in this game.} 51. h7 Rh8 52.
Nc2+ Ka4 53. Kd4 b4 54. Kc5 a5 55. Rh4 Kb3 56. Nd4+ Ka3 57. Nc2+ Kb2 58. Rh2 b3
59. Ne3+ Ka3 60. Nd1 a4 61. Nc3 b2 62. Rh3 Be6 63. Re3 Bf5 $6 (63... Rxh7 $1 {
was much easier:} 64. Rxe6 Rh3 65. Nb1+ Kb3 66. Nd2+ Kc2 67. Re2 a3 $19) 64.
Nd5+ Ka2 65. Nb4+ Ka1 66. Ra3+ Kb1 67. Rf3 Kc1 68. Rf1+ Kd2 69. Rf2+ Ke3 70.
Rxb2 Rxh7 71. Ra2 Rh1 72. Ra3+ Ke4 $2 {This is the final mistake which costs
Black all chances of a win:} (72... Kd2 $1 73. Kxc6 (73. Nxc6 Rc1+ 74. Kd5 Bd7
75. Nd4 Rc3 $19) 73... Rc1+ 74. Kb5 Bd7+ 75. Ka5 Rc5+ 76. Ka6 Rc3 {still
offered very good chances to win.}) 73. Na2 $1 Ke5 74. Rxa4 Be4 75. Ra8 Bg6 (
75... Bd5 $1 76. Re8+ Be6 77. Kxc6 Rb1 $3 {Difficult to see, or to realise the
potential.} 78. Kxc7 {Rook and bishop versus rook endgame}) 76. Rf8 Ra1 77. Rf2
Be4 78. Re2 Kf4 79. Nc3 Bf3 80. Re7 Rc1 81. Kd4 c5+ 82. Kd3 c6 83. Ne2+ Bxe2+
84. Rxe2 Kf5 85. Re8 1/2-1/2

[Event "Gibraltar Masters 14th"]
[Site "Caleta"]
[Date "2016.02.02"]
[Round "8"]
[White "Vachier Lagrave, Maxime"]
[Black "Bruzon Batista, Lazaro"]
[Result "1-0"]
[WhiteElo "2785"]
[BlackElo "2666"]
[Annotator "Pavlovic,M"]
[PlyCount "97"]
[EventDate "2016.01.26"]
[EventType "swiss"]
[EventRounds "10"]
[EventCountry "GGB"]
[SourceTitle "CBM 171"]
[Source "ChessBase"]
[SourceDate "2016.03.14"]
[SourceVersion "2"]
[SourceVersionDate "2016.03.14"]
[SourceQuality "1"]

1. e4 e5 2. Nf3 Nc6 3. Bb5 Nf6 4. O-O Nxe4 5. d4 Nd6 6. Bxc6 dxc6 7. dxe5 Nf5
8. Qxd8+ Kxd8 9. h3 h6 10. Rd1+ Ke8 11. Nc3 Ne7 {Back has many plans as to how
to conduct endgame in the Berlin, and each is a a story in itself.} 12. Bf4 {
At this place this move represents most popular choice for white.} Ng6 13. Bg3
Be7 {Another idea seen recently is:} (13... Bb4 14. Nd4 Bxc3 15. bxc3 Be6 $5 ({
If:} 15... Nf8 16. f4 Bd7 17. c4 c5 18. Nb5 Bxb5 19. cxb5 Ne6 20. Rd3 g6 21.
Rad1 {It looks to me that white has some pressure here.}) 16. Rab1 b6 $5 {
An interesting pawn sacrifice.} 17. Nxc6 Ne7 18. Nd4 Nf5 19. Nxe6 (19. Nb5 Ke7
20. Nxc7 Rad8 21. Nxe6 Rxd1+ 22. Rxd1 fxe6 23. Rd3 Rc8 24. Bf4 Rc5 {Again
Black has counterplay.}) 19... fxe6 20. Bh2 Rd8 21. Rd3 Ne7 22. Kf1 (22. c4
Rxd3 23. cxd3 c5 24. Kf1 h5 25. Bf4 Nc6 {A pawn up for White, but the position
is not at all simple. Black has assets to create counterplay.}) 22... Rd5 23.
Rbd1 Kf7 24. c4 Rc5 {1-0 (63) Hammer,J (2651)-Hagen,A (2412) Reykjavik 2015
Black has some compensation.}) 14. Nd4 Nf8 15. Rd3 $5 {This seems like a new
idea.} ({In a recent example we saw a less logical idea:} 15. a4 a6 16. a5 Bd7
17. e6 Nxe6 18. Nxe6 {1/2-1/2 (18) Raschun,G-Wiesinger,J corr. 2015 with equal
chances}) 15... h5 16. Rad1 h4 17. Bh2 Ne6 {Although logical thus requires
precise play later on. The alternative, though, looks solid:} (17... Be6 18.
Nxe6 (18. Ne4 Rd8 19. b3 a6 20. Kf1 Rh5 {It seems that Black has managed to
develop harmoniously.}) 18... Nxe6 19. Ne4 Rd8 20. Rxd8+ Bxd8 21. Kf1 Be7 22.
Ke2 Rh5 {Black is ok here.}) 18. Nce2 $1 c5 19. Nf5 $1 b6 20. Nxe7 Kxe7 21. Nf4
{An important phase of the game.} g5 {I dont like this move so much; sooner or
later we will get an opposite coloured bishops situation, and the pawn on g5
and weak squares like f6 can create problems for Black in practical play. The
alternatives appear to me more sound:} (21... Nxf4 22. Bxf4 Bf5 (22... Ke6 $5
23. Bg5 Kxe5 $1 24. Rd8 Be6 25. Rxa8 Rxa8 26. Bxh4 Kf5 27. a3 Re8 28. g4+ Kg6
29. Bg3 Re7 {Black came close to getting a draw.}) 23. Bg5+ Ke6 24. Rd7 Bxc2
25. R1d2 Bb1 26. a4 Kf5 27. Bd8 Ba2 28. Bxc7 Be6 {It looks to me that Black
should be ok here.}) (21... Re8 22. Nd5+ Kf8 23. f4 Bb7 24. c3 (24. f5 Bxd5 25.
Rxd5 Nd4 26. f6 g5 27. c3 Ne6 $11) 24... g6 25. Nf6 Red8 {Again Black is ok.})
22. Nd5+ Kf8 23. f4 $1 gxf4 24. Nxf4 {Despite its simplified appearance, this
position is full of dangerous possibilities.} Kg7 (24... Rg8 25. R1d2 Rg5 26.
Rf2 {Black is having certain problems in generating play.}) 25. Rf3 Nxf4 (25...
Nd4 $5 26. Rf2 Bf5 27. c3 (27. Rdf1 Rad8 28. c3 Ne6 $11) 27... Ne6 28. Nd5 Bg6
{Black is ok .}) 26. Bxf4 Rh5 $6 {It was necessary to play with the king first:
} (26... Kg6 $1 27. e6 (27. Be3 Bf5 28. Rdf1 Rh5 29. g4 hxg3 30. Rxg3+ Kh7 {
Black is fine}) 27... Bxe6 28. Be5 Rhd8 29. Re1 Re8 30. Rf6+ Kg5 {Probably
Bruzon gave up the idea entering such a position, which doesn't come as a
suprise: it looks dangerous at least for humans in a tournament game; the
engines are actually not impressed with White's chances here!}) 27. g4 $1 {
Now the initiative is clearly on White's side.} hxg3 28. Rxg3+ Kh7 29. Rd8 Bb7
30. Rd7 Rf5 31. Bg5 Rg8 32. h4 Bc8 (32... a5 33. c4 Bc8 34. Rxc7 Be6 35. Rc6
$16) 33. Rxc7 $16 {This is a very difficuilt position to defend for Black.} Be6
34. Rxa7 Rxe5 35. Kf2 Rf5+ 36. Ke1 b5 37. a3 Re8 38. Re3 Kg6 39. Ra6 Kh5 40.
Rb6 c4 41. Kd2 Rc8 42. Kc3 Rcc5 43. Rg3 Rc8 44. Kb4 Ra8 45. Be7 c3 46. b3 Rf2
47. Rxb5+ f5 48. Rg5+ Kh6 49. Rb6 1-0

[Event "Tata Steel-A 78th"]
[Site "Wijk aan Zee"]
[Date "2016.01.29"]
[Round "11"]
[White "Wei, Yi"]
[Black "Karjakin, Sergey"]
[Result "1/2-1/2"]
[WhiteElo "2706"]
[BlackElo "2769"]
[Annotator "Pavlovic,M"]
[PlyCount "145"]
[EventDate "2016.01.16"]
[EventType "tourn"]
[EventRounds "13"]
[EventCountry "NED"]
[EventCategory "20"]
[SourceTitle "CBM 171"]
[Source "ChessBase"]
[SourceDate "2016.03.14"]
[SourceVersion "2"]
[SourceVersionDate "2016.03.14"]
[SourceQuality "1"]

1. e4 e5 2. Nf3 Nc6 3. Bb5 Nf6 4. O-O Nxe4 5. Re1 Nd6 6. Nxe5 {Although at
first sight it looks harmless, actually such a approach is very popular
against Berlin. White enjoys an early lead in development and is trying to
profit from that fact.} Be7 7. Bf1 Nxe5 {Another way of playing this line is
was seen just few days previously:} (7... Nf5 8. Nf3 O-O 9. d4 d5 10. c3 Bd6
11. Bd3 Nce7 12. Nbd2 c6 13. Nf1 Ng6 14. Qc2 Nfh4 15. Nxh4 Qxh4 16. g3 Qh3 17.
f4 Bg4 $6 (17... Ne7 $5 18. Ne3 Re8 19. Qf2 (19. Bd2 Bd7 20. f5 f6 $13) 19...
Bf5 $1 $132) 18. f5 Ne7 19. Ne3 Bf3 20. Qf2 Qh5 21. Rf1 $18 {½-½ (36) Anand,
V (2784)-Nakamura,H (2787) Zurich (blitz) 2016}) 8. Rxe5 O-O 9. Nc3 Ne8 10. Nd5
{This is a popular position for both sides. White will get the bishop pair but
Black will have harmonius development.} Bd6 11. Re1 c6 12. Ne3 Be7 {This is a
less common idea, usually the bishop goes to c7:} (12... Bc7 13. Nf5 d5 14.
Ne7+ Kh8 15. Nxc8 Rxc8 16. d3 f5 17. Qf3 Nf6 18. Bf4 Bxf4 19. Qxf4 Qc7 20. Qxc7
Rxc7 21. d4 g6 22. Re6 Kg7 23. Rae1 Kf7 24. f3 Rd8 {1/2-1/2 (41) Yu Yangyi 
(2736)-Kramnik,V (2796) Doha 2015. Black is fine.}) 13. c4 Nc7 14. d4 d6 15. g3
Bf6 16. Bg2 g6 17. Qd3 (17. d5 c5 {Black gets a nice version of a Benoni, it
is interesting how openings can be transpositional!}) 17... d5 {Black decides
to stabilise the centre.} 18. cxd5 cxd5 19. b3 Be6 20. Bb2 {Actually we have
seen Karjakin play this from both sides!} (20. a4 Be7 21. Ba3 Bxa3 22. Rxa3 Ne8
23. Rc1 Nf6 24. Ra2 Qd7 25. Rac2 Rfc8 26. h4 h5 27. Qd2 b6 28. Rc3 Qd6 $11 {
1/2-1/2 (40) Karjakin,S (2762)-Aronian,L (2784) Skopje 2015}) 20... Qd7 21.
Rac1 Rac8 22. f4 $1 {Now we have a game, the position gets a different dynamic
approach, White is going for the dangereous f5 idea.} Bg7 23. Rc2 Na6 24. Rf2
Nb4 25. Qd1 {I think an alternative was more precise:} (25. Qd2 Nc6 26. f5 gxf5
27. Ref1 Kh8 (27... f4 28. Rxf4 $36) (27... Bh6 28. Nxd5 $1 $14) 28. Nxf5 Rg8
29. Ba3 $14) 25... Nc6 26. f5 gxf5 27. Ref1 Ne7 28. Ba3 Bh6 29. Qd3 Rfe8 30.
Bxe7 Qxe7 $6 (30... Bxe3 31. Qxe3 Qxe7 32. Qf4 {Perhaps it is not so terrible
for Black after all just a bit passive, White doesn't have an obvious
breakthrough.}) 31. Nxf5 Bxf5 32. Rxf5 Qe2 33. Qf3 Qxf3 34. Bxf3 Re7 35. Kg2
Be3 36. Bxd5 Rcc7 {White is better and Black will have a difficult task to
defend this.} 37. Rd1 Rc1 38. Rxc1 Bxc1 39. Bc4 Rd7 40. d5 Ba3 41. g4 Kg7 42.
Rg5+ Kh8 43. Rh5 Kg7 44. Bd3 h6 45. g5 $1 hxg5 46. Rxg5+ Kh6 47. Rf5 Kg7 48.
Kf3 {White somehow for a long time doesn't push his h-pawn which is his best
asset to play for a win.} (48. h4 Re7 $1 49. h5 Re3 50. Bb5 f6 51. Bc4 Bc5 52.
a4 a6 {Still not that much, but I feel it was better at least to run with the
h-pawn.}) 48... Rd6 49. Rg5+ Kh6 50. Kg4 Bc1 51. Re5 Bb2 52. Rh5+ Kg7 53. Rg5+
Kf8 54. Rh5 Kg7 55. Kf4 Rf6+ 56. Ke3 Ba3 57. h4 Bc5+ 58. Ke4 Rf2 59. Ke5 {
It looks nice to have the king in the centre, but doesn't really do much.} Rd2
60. Rg5+ (60. Bc4 Rd1 61. Rg5+ Kf8 62. Rf5 Re1+ 63. Kf4 Bd6+ 64. Kf3 Ra1 65. a4
Rh1 66. h5 Kg7 {Black can defend this position.}) 60... Kf8 61. Rg3 Rh2 62. Rg4
Ke7 63. a4 Rh3 64. Bc2 Bd6+ 65. Kf5 Rf3+ 66. Kg5 Be5 67. Rb4 b6 68. h5 Rh3 69.
Rc4 Bf6+ 70. Kh6 Be5 71. Kg5 Bf6+ 72. Kh6 Be5 73. Kg5 1/2-1/2